Statistiques concernant IMDB 250 par décennie

Cliquez ici pour prendre le quiz!

Statistiques générales

  • Ce quiz a été pris 9 fois
  • Le résultat moyen est 4 sur 10

Statistiques - réponses

Décennie Film % Correct
1990'Les évadés
89%
1970'Le parrain
78%
2000'The Dark Knight: Le chevalier noir
44%
2010'Inception
33%
1980'L'empire contre-attaque
22%
1960'Le bon, la brute et le truand
22%
1920'Le kid
22%
1950'12 hommes en colère
22%
1930'Les lumières de la ville
11%
1940'La vie est belle
11%

Distribution des résultats

Percentile by Number Answered

% des personnes avec chaque résultat

Votre développement - résultats

Vous n’avez pas pris ce quiz